[Event "Selestat op-B 13th"]
[Site "Selestat"]
[Date "2006.02.??"]
[Round "1"]
[White "Rubert, Arnaud"]
[Black "Husser, Mickael"]
[Result "0-1"]
[WhiteElo "1340"]
[BlackElo "1690"]
[PlyCount "62"]
[EventDate "2006.02.23"]
[EventType "swiss"]
[EventRounds "7"]
[EventCountry "FRA"]
[SourceTitle "CBM 111 Extra"]
[Source "ChessBase"]
[SourceDate "2006.05.09"]
[SourceVersion "1"]
[SourceVersionDate "2006.05.09"]
[SourceQuality "1"]

1. e4 c5 2. Bc4 Nc6 3. Nf3 d6 4. 0-0 g6 5. d3 Bg7 6. c3 Nf6 7. Be3 0-0 8. Qc1 Re8 9. Bh6 Bh8 10. Qc2 Ng4 11. Bg5 Nge5 12. Nxe5 Nxe5 13. Bd5 Qc7 14. Qb3 Rb8 15. d4 c4 16. Qa4 b5 17. Qd1 Nd3 18. Qf3 e6 19. Bxe6 fxe6 20. Nd2 Rf8 21. Qe3 Nxb2 22. Bh6 Rf7 23. d5 exd5 24. exd5 Bf5 25. Rfe1 Qd7 26. Re2 Nd3 27. Rb1 Rc8 28. Rxb5 Qxb5 29. Ne4 Qb1+ 30. Re1 Nxe1 31. h3 Nf3# 0-1

[Event "France-ch U12"]
[Site "Reims"]
[Date "2004.04.21"]
[Round "5"]
[White "Dubessay, Bastien"]
[Black "Husser, Mickael"]
[Result "1-0"]
[WhiteElo "1820"]
[BlackElo "1500"]
[PlyCount "125"]
[EventDate "2004.04.??"]
[EventType "swiss"]
[EventRounds "9"]
[EventCountry "FRA"]
[SourceTitle "EXT 2005"]
[Source "ChessBase"]
[SourceDate "2004.11.15"]
[SourceVersion "1"]
[SourceVersionDate "2004.11.15"]
[SourceQuality "1"]

1. d4 e6 2. c4 Nf6 3. Nc3 Bb4 4. Qc2 d5 5. a3 Be7 6. e3 0-0 7. Nf3 c6 8. Be2 Re8 9. 0-0 Nbd7 10. b3 b6 11. cxd5 exd5 12. b4 Nf8 13. Rb1 Bg4 14. Ne5 Qc8 15. Bb2 Bf5 16. Bd3 Bxd3 17. Nxd3 Bd6 18. Rfc1 Qd7 19. Ne2 Rac8 20. h3 Ng6 21. a4 Ne4 22. Nef4 Nxf4 23. exf4 Re6 24. Ne5 Qe8 25. Nxc6 Bxf4 26. Ne7+ Rxe7 27. Qxc8 Bxc1 28. Qxe8+ Rxe8 29. Rxc1 h6 30. Rc7 Ra8 31. Rd7 Nf6 32. Rb7 g5 33. Rc7 Kg7 34. Kf1 Kg6 35. f3 Kg7 36. g4 Kg6 37. Kf2 Kg7 38. Bc1 Kg6 39. Kg3 Kg7 40. h4 Kg6 41. Bd2 Re8 42. h5+ Kg7 43. Kf2 Ra8 44. Ke2 Re8+ 45. Kd3 Ra8 46. b5 Ne8 47. Rb7 Kg8 48. Bb4 Kg7 49. Be7 Kg8 50. Rd7 a6 51. bxa6 Kg7 52. Rd8 Rxa6 53. Rxe8 Rxa4 54. Rb8 Ra6 55. Bd8 Ra3+ 56. Ke2 Ra2+ 57. Ke3 Ra3+ 58. Kf2 Ra4 59. Rxb6 Rxd4 60. Bf6+ Kh7 61. Bxd4 f5 62. Rb8 f4 63. Rh8# 1-0